|
|
|
|
| LEADER |
00000naa2a2200000 4500 |
| 001 |
184317 |
| 005 |
20231225125738.0 |
| 035 |
|
|
|a (RuTPU)RU\TPU\book\199887
|
| 090 |
|
|
|a 184317
|
| 100 |
|
|
|a 20100902d2004 k y0rusy50 ca
|
| 101 |
0 |
|
|a rus
|
| 102 |
|
|
|a RU
|
| 200 |
1 |
|
|a Проблемность в современной научной картине мира
|f И. Б. Ардашкин
|
| 320 |
|
|
|a Библиогр.: 5 назв.
|
| 463 |
|
0 |
|0 (RuTPU)RU\TPU\book\69928
|y 5-94621-086-6
|t Электроэнергия и будущее цивилизации
|o материалы Международной научно-технической конференции
|f Томский политехнический университет и др.
|v С. 485-492
|d 2004
|p 551 с.
|
| 610 |
1 |
|
|a научное знание
|
| 610 |
1 |
|
|a научная картина мира
|
| 610 |
1 |
|
|a проблемность
|
| 610 |
1 |
|
|a познание
|
| 610 |
1 |
|
|a наука
|
| 610 |
1 |
|
|a труды учёных ТПУ
|
| 700 |
|
1 |
|a Ардашкин
|b И. Б.
|c философ
|c профессор Томского политехнического университета, доктор философских наук
|f 1972-
|g Игорь Борисович
|3 (RuTPU)RU\TPU\pers\25417
|9 11359
|
| 801 |
|
1 |
|a RU
|b 63413507
|c 20100902
|
| 801 |
|
2 |
|a RU
|b 63413507
|c 20121127
|g RCR
|
| 942 |
|
|
|c BK
|